000 00862nam a22002897a 4500
003 OSt
008 150515b xxu||||| |||| 00| 0 eng d
100 1 _aLindquist, H. L.
041 _aeng
050 0 0 _a383.2135S
245 1 0 _aThe Stamp Specialist
246 1 0 _aMahogany Book (Number 18)
260 _aNew York, NY
_bH. L. Lindquist
300 _a128 pages
650 0 _aGeneral
650 0 _aAustralia Burdell's Express
650 0 _aUS Expresses
650 0 _aBooklets
650 0 _aBooklet Panes
650 0 _aUS Postal Agency, Shanghai, China
650 0 _aLife of Christ
650 0 _aRevenue Stamped Paper, Province of Massachusetts, Colony of New York, Great Britain in America
650 0 _aNorway Postage Dues
650 0 _aCamp Shenandoah, Virginia
650 0 _aUS Playing Card Stamps
650 0 _aBritish Postal Service from Peru
999 _c1486
_d1486